Management

Guardado en:
Detalles Bibliográficos
Autor principal: Bedeian, Arthur G.
Formato: Libro
Lenguaje:inglés
Publicado: Chicago The Dryden Press 1989
Edición:2. ed.
Materias:
Etiquetas: Agregar Etiqueta
Sin Etiquetas, Sea el primero en etiquetar este registro!

MARC

LEADER 00000nam a2200000 4500
001 c100552
005 20221123135449.3
020 |a 0-03-023413-1 
041 0 |a eng 
044 |a US 
245 1 0 |a Management  |c Arthur G. Bedeian 
250 |a 2. ed. 
264 1 |a Chicago  |b The Dryden Press  |c 1989 
300 |a 671 s. 
610 2 0 |a manažment 
610 2 0 |a správanie 
610 2 0 |a vedenie 
610 2 0 |a systémy informačné manažérske 
610 2 0 |a etika podnikateľská 
610 2 0 |a etika podniková 
610 2 0 |a manažment medzinárodný 
610 2 0 |a riadenie 
610 2 0 |a riadenie podnikové 
100 1 |a Bedeian, Arthur G.